Študentský domov, Praga-Poludnie, Varšava, Poľsko

Saved in:
Bibliographic Details
Main Author: Naňo, Petra (Author)
Other Authors: Ruhig, Roman (Thesis advisor)
Format: Manuscript Book
Language:Slovak
Published: 2022
Subjects:
Online Access:http://is.stuba.sk/zp/portal_zp.pl?podrobnosti=162222
https://opac.crzp.sk/?fn=detailBiblioForm&sid=D9F0BB0A8DA992698DA491D31B33
Tags: Add Tag
No Tags, Be the first to tag this record!

MARC

LEADER 00000ntm a22000003a 4500
001 stuzp88975
003 SK-STU
005 20230424144234.9
007 ta
008 150427s2015----xo-----f-mn---000-0-slo-d
040 |a STU  |b slo 
041 0 |a slo 
100 1 |a Naňo, Petra  |u 010310  |4 aut  |U SvF Stavebná fakulta  |T SvF Katedra architektúry  |X 80916  |U V181|V310  |Y 19  |7 80916 
242 0 1 |a Student dormitory, Praga-Poludnie, Warsaw, Poland  |y eng 
245 1 0 |a Študentský domov, Praga-Poludnie, Varšava, Poľsko 
260 |c 2022 
650 4 |a internát  |2 slo 
650 4 |a Bytový dom  |2 slo 
650 4 |a verejný priestor  |2 slo 
650 4 |a študentský domov  |2 slo 
650 4 |a komunitné centrum  |2 slo 
650 4 |a kultúrne centrum  |2 slo 
650 4 |a Warsaw  |2 slo 
650 4 |a Poland  |2 slo 
650 4 |a Student dormitory  |2 eng 
650 4 |a Warsaw  |2 eng 
650 4 |a public space  |2 eng 
700 1 |a Ruhig, Roman  |u 010310  |k Z1  |4 ths  |U SvF Stavebná fakulta  |T SvF Katedra architektúry  |X 7452  |U V181|V310  |Y 19  |7 A000007452 
856 4 |u http://is.stuba.sk/zp/portal_zp.pl?podrobnosti=162222 
856 4 |u https://opac.crzp.sk/?fn=detailBiblioForm&sid=D9F0BB0A8DA992698DA491D31B33